MARC
| LEADER | 00000 a a2200000 04500 | ||
|---|---|---|---|
| 001 | 17890 | ||
| 003 | cru CIDCACS/IIS | ||
| 005 | 20191112143029.0 | ||
| 008 | 191112b ||||| |||| 00| 0 spa d | ||
| 999 | |c 42596 |d 42596 | ||
| 040 | |c cru CIDCACS/IIS | ||
| 245 | 0 | |a ALAI entrevista al PSD de Guatemala | |
| 300 | |a páginas 399-401 | ||
| 650 | 0 | |a BURGUESIA |9 943 | |
| 650 | 0 | |a POLITICA |9 3691 | |
| 650 | 0 | |a ECONOMIA |9 143 | |
| 650 | 0 | |a IZQUIERDA |9 4498 | |
| 651 | 0 | |9 142 |a GUATEMALA | |
| 773 | 0 | |0 42391 |9 3769 |a Agencia Latinoamericana de Información, ALAI |d Quito, Ecuador: ALAI |o 03885 |t ALAI: |x 08275564 (Servicio mensual de información y documentación) | |
| 942 | |2 ddc |c PP | ||
